000 00815cam a2200241 a 4500
001 321
003 BR-CuiBMT
005 20231129044209.0
008 231016s2018 mgb 000 0 por d
020 _a9788545005315
040 _aBR-CuiBMT
_cBR-CuiBMT
080 _22007
_a342.56:35
090 _a342.56:35
_bS168p
100 1 _aSalles, Alexandre Aroeira
245 1 2 _aO processo nos tribunais de contas :
_bcontraditório, ampla defesa e a necessária reforma da lei orgânica do TCU /
_cAlexandre Aroeira Salles.
260 _aBelo Horizonte :
_bFórum,
_c2018.
300 _a200 p. ;
_c22 cm
504 _aInclui biblografia.
650 _aTribunais de contas
_zBrasil
650 _aTribunal de Contas da União
_vLegislação
_xReforma
_zBrasil
650 _aAdministração pública
_zBrasil
942 _2udc
_cLV
999 _c321
_d321